000 00713 a2200229 4500
999 _c11086
_d11086
020 _a9780321832023
050 0 0 _aRA776
_bDON 2014
100 1 _aDonatelle, Rebecca J.,
_d1950-
245 1 0 _aAccess to health /
_cRebecca J. Donatelle
250 _athirteen th edition
264 _aBoston :
_b Pearson ,
_cc.2014
300 _axvi, 661 pages
_bcoloured illustrations
336 _2rdacontent
_atext
_btxt
337 _2rdamedia
_aunmediated
_bn
338 _2rdacarrier
_avolume
_bnc
504 _aIncludes bibliographical references and index.
650 0 _aHealth.
650 2 _aExercise
_xpopular works.
650 2 _aHealth.
650 2 _aPhysical Fitness-popular works.
942 _2lcc
_cBK
_h776
_iDON
_kRA